| 000 | 00409nam a2200169Ia 4500 | ||
|---|---|---|---|
| 003 | GCL | ||
| 008 | 140319s9999 xx 000 0 eng d | ||
| 040 |
_aGCL / _cGCL |
||
| 082 | 0 | 4 |
_a401.43 _bS S |
| 100 | 1 | _aSAEED, JOHN I | |
| 245 | 1 | 0 |
_aSEMANTICS / _cSAEED, JOHN I |
| 260 |
_a[S.N] : _bBLACKWELL PUBLISHERS ، _c1997 |
||
| 300 | _a360 P | ||
| 650 | 0 | 4 | _aSEMANTICS |
| 650 | 0 | 4 | _aLANGUAGES |
| 942 |
_2ddc _cBK |
||
| 999 |
_c15699 _d15699 |
||